000 00683nam a22002531 4500
999 _c8793
_d8793
001 8793
003 BD-JhCC
005 20220525134023.0
008 861112s1952 nyua 000 0 eng
035 _a(BD-JhCC)8793
040 _aDLC/ICU
_cICU
_dDLC
041 _aeng
050 0 0 _aQA805
_b.C55
082 0 0 _a531
_bCHR 1952
100 1 _aChristie, Dan E.
_q(Dan Edwin),
_d1915-
245 1 0 _aIntermediate college mechanics :
_ba vectorial treatment /
_cDan Edwin Christie
250 _a1st ed.
260 _aNew York,
_bMcGraw-Hill,
_c1952.
300 _a454 p.
_billus.
_c24 cm.
650 0 _aMechanics.
650 0 _aVector analysis.
942 _2ddc
_cBK
_02